| 000 | 00671cam a2200193 a 4500 | ||
|---|---|---|---|
| 001 | 581238 | ||
| 005 | 20250628132249.0 | ||
| 008 | 900201s1991 nyua b 000 0 eng | ||
| 020 |
_a0385175930 : _c$34.00 ($42.00 Can.) |
||
| 050 | 0 | 0 |
_aBS192.2.A1 1964 _b.G3 vol. 5 _aBS1273 |
| 082 | 0 | 0 |
_a222/.15077 _220 |
| 245 | 1 | 0 |
_aDeuteronomy 1-11 : _ba new translation with introduction and commentary / _cMoshe Weinfeld. |
| 250 | _a1st ed. | ||
| 260 |
_aNew York : _bDoubleday, _c1991. |
||
| 300 |
_axiv, 457 p. : _bill. ; _c24 cm. |
||
| 700 | 1 | _aWeinfeld, Moshe. | |
| 856 | 4 | 2 |
_3Publisher description _uhttp://www.loc.gov/catdir/description/random043/90031508.html |
| 942 |
_2lcc _cBK _n0 |
||
| 999 |
_c6765 _d6765 |
||